[Event "Hanoi op (Women)"]
[Site "Hanoi"]
[Date "2022.08.21"]
[Round "2"]
[White "Nguyen, Thi Minh Oanh"]
[Black "Nguyen, Ngo Lien Huong"]
[Result "0-1"]
[WhiteElo "1859"]
[BlackElo "1608"]
[PlyCount "106"]
[EventDate "2022.08.20"]
[EventType "swiss"]
[EventRounds "9"]
[EventCountry "VIE"]
[SourceTitle "CBM 209 Extra"]
[Source "ChessBase"]
[SourceDate "2022.09.30"]
[SourceVersion "1"]
[SourceVersionDate "2022.09.30"]
[SourceQuality "1"]

1. d4 d5 2. Bg5 c6 3. Nf3 Bf5 4. e3 Nd7 5. c4 Ngf6 6. Nc3 dxc4 7. Bxc4 Qb6 8. Qb3 e6 9. 0-0 Bd6 10. Rfe1 Bg4 11. Nd2 0-0 12. h3 Qxb3 13. Bxb3 Bh5 14. Rac1 Rac8 15. a3 h6 16. Bxf6 Nxf6 17. Nde4 Nxe4 18. Nxe4 Rfd8 19. Nxd6 Rxd6 20. Rc5 Bg6 21. Rec1 b6 22. R5c3 f6 23. d5 c5 24. dxe6 Kf8 25. Ba4 Be8 26. Bb3 Bg6 27. e4 Bxe4 28. e7+ Ke8 29. Re1 Bf5 30. Rce3 c4 31. Ba4+ Bd7 32. Bc2 Kf7 33. h4 Re6 34. Be4 Kxe7 35. Bb7 Rc5 36. Rxe6+ Bxe6 37. Kf1 Kd6 38. Bf3 Re5 39. Rd1+ Bd5 40. Bg4 Kc5 41. Rc1 Re4 42. f3 Re3 43. Bd7 Rb3 44. Rc2 b5 45. Rd2 a6 46. Bc8 a5 47. Bd7 Rd3 48. Rxd3 cxd3 49. Ke1 b4 50. Kd2 Kc4 51. Ba4 g5 52. hxg5 fxg5 53. Bd1 Bf7 0-1

[Event "VIE-ch U20 Girls"]
[Site "Hanoi"]
[Date "2022.06.13"]
[Round "4"]
[White "Nguyen, Ngo Lien Huong"]
[Black "Le, Thai Nga"]
[Result "0-1"]
[WhiteElo "2064"]
[BlackElo "2062"]
[PlyCount "60"]
[EventDate "2022.06.11"]
[EventType "swiss"]
[EventRounds "7"]
[EventCountry "VIE"]
[SourceTitle "EXT 2023"]
[Source "ChessBase"]
[SourceDate "2022.10.05"]
[SourceVersion "1"]
[SourceVersionDate "2022.10.05"]
[SourceQuality "1"]

1. d4 d5 2. Nf3 e6 3. c4 f5 4. Nc3 Nf6 5. Bf4 Bd6 6. Bxd6 Qxd6 7. e3 c6 8. Bd3 0-0 9. Ne5 Nbd7 10. f4 Qe7 11. 0-0 Ne4 12. Rf3 Nxe5 13. fxe5 Bd7 14. Bxe4 fxe4 15. Rg3 Rf5 16. Ne2 Be8 17. Nf4 h5 18. Qb3 h4 19. Rg4 g5 20. Rc1 Kh8 21. cxd5 exd5 22. Nxd5 cxd5 23. Qxd5 Bc6 24. Qc4 Rd8 25. g3 Bd5 26. Qe2 h3 27. Rc5 Qf7 28. e6 Qxe6 29. Rc7 Rc8 30. Rxe4 Rxc7 0-1

[Event "Eastern Asia-ch U16 Girls"]
[Site "Tornelo INT"]
[Date "2021.10.22"]
[Round "1"]
[White "Raina, Das Gupta"]
[Black "Nguyen, Ngo Lien Huong"]
[Result "0-1"]
[WhiteElo "1110"]
[BlackElo "1563"]
[PlyCount "62"]
[EventDate "2021.10.22"]
[EventType "swiss"]
[EventRounds "9"]
[EventCountry "NET"]
[SourceTitle "EXT 2023"]
[Source "ChessBase"]
[SourceDate "2022.10.05"]
[SourceVersion "1"]
[SourceVersionDate "2022.10.05"]
[SourceQuality "1"]

1. e4 c5 2. Nf3 d6 3. d4 cxd4 4. Nxd4 Nf6 5. Nc3 a6 6. Be3 e6 7. f3 Be7 8. Qd2 Nc6 9. Bc4 0-0 10. g4 Ne5 11. Be2 b5 12. g5 Ne8 13. f4 Nc4 14. Bxc4 bxc4 15. h4 Bb7 16. Rg1 Nc7 17. h5 Nb5 18. g6 Bh4+ 19. Bf2 Nxc3 20. bxc3 Bxe4 21. gxf7+ Rxf7 22. Qe3 Bxf2+ 23. Qxf2 Qf6 24. Qg3 Re8 25. Kd2 Qxf4+ 26. Qxf4 Rxf4 27. Raf1 Rxf1 28. Rxf1 e5 29. Ne2 Rf8 30. Rb1 d5 31. Rb6 Rf6 0-1

[Event "VIE-ch U15 Girls"]
[Site "Hanoi"]
[Date "2020.??.??"]
[Round "1"]
[White "Luong, Hoang Tu Linh"]
[Black "Nguyen, Ngo Lien Huong"]
[Result "1-0"]
[WhiteElo "1703"]
[BlackElo "1608"]
[PlyCount "85"]
[EventDate "2020.10.22"]
[EventType "tourn"]
[EventRounds "7"]
[EventCountry "VIE"]
[SourceTitle "EXT 2022"]
[Source "ChessBase"]
[SourceDate "2021.10.06"]
[SourceVersion "1"]
[SourceVersionDate "2021.10.06"]
[SourceQuality "1"]

1. d4 d5 2. Nf3 Nf6 3. g3 e6 4. c4 dxc4 5. Qa4+ c6 6. Qxc4 b5 7. Qc2 Bb7 8. Bg2 Na6 9. a4 Bb4+ 10. Bd2 Rc8 11. 0-0 0-0 12. Qb3 Bxd2 13. Nbxd2 b4 14. Rac1 Qe7 15. Ne5 c5 16. dxc5 Bxg2 17. Kxg2 Rxc5 18. Nd3 Rd5 19. Rc4 Qb7 20. Nf3 e5 21. e4 Nxe4 22. Rxe4 Rxd3 23. Qxd3 Nc5 24. Qb5 Qxb5 25. axb5 Nxe4 26. Nxe5 Rb8 27. Ra1 f6 28. Nc6 Rxb5 29. Rxa7 b3 30. Nd4 Rb4 31. Ne6 Rb6 32. Rxg7+ Kh8 33. Re7 Nd6 34. Rd7 Kg8 35. Nc5 Nc4 36. Rd3 Nxb2 37. Rf3 Nc4 38. Nxb3 Ne5 39. Rc3 Kg7 40. Nd4 Kg6 41. h3 Rd6 42. Ne2 Nd3 43. Rxd3 1-0

[Event "VIE-ch U15 Girls"]
[Site "Hanoi"]
[Date "2020.??.??"]
[Round "5"]
[White "Nguyen, Ngo Lien Huong"]
[Black "Nguyen, Thien Ngan"]
[Result "0-1"]
[WhiteElo "1608"]
[BlackElo "1816"]
[PlyCount "112"]
[EventDate "2020.10.22"]
[EventType "tourn"]
[EventRounds "7"]
[EventCountry "VIE"]
[SourceTitle "EXT 2022"]
[Source "ChessBase"]
[SourceDate "2021.10.06"]
[SourceVersion "1"]
[SourceVersionDate "2021.10.06"]
[SourceQuality "1"]

1. d4 d5 2. c4 e6 3. Nc3 Nf6 4. Bg5 Be7 5. Nf3 h6 6. Bh4 0-0 7. e3 b6 8. Be2 Bb7 9. 0-0 Ne4 10. Bxe7 Qxe7 11. Rc1 Nd7 12. cxd5 exd5 13. Nd2 c5 14. Ndxe4 dxe4 15. Bc4 Rfd8 16. d5 Nf6 17. Rc2 Qe5 18. Rd2 a6 19. a4 Rd6 20. f4 Qf5 21. Qb3 Rad8 22. Rfd1 h5 23. Kh1 h4 24. Qc2 Re8 25. h3 g5 26. Rf1 Nh5 27. Kh2 gxf4 28. Be2 f3 29. gxf3 Ng3 30. Rg1 Bc8 31. Bf1 exf3 32. Qxf5 Bxf5 33. Bxa6 Rxe3 34. Rf2 Kf8 35. Nd1 Re5 36. Bc4 Be4 37. Nc3 f5 38. Re1 Re7 39. Nb5 Rg6 40. d6 Rd7 41. Rd1 Nh5 42. Bf1 Nf4 43. Rfd2 Ne2 44. Nc3 Nd4 45. Nb5 Nb3 46. Rf2 Kg7 47. Bc4 Na5 48. Bf1 Kf6 49. Rfd2 Nb3 50. Rf2 Ke5 51. Re1 Kf4 52. Bc4 Nd4 53. Nc3 Rdxd6 54. Ba2 Rg2+ 55. Rxg2 fxg2 56. Nxe4 Nf3+ 0-1

[Event "VIE-chT (Women)"]
[Site "Ho Chi Minh City"]
[Date "2019.09.30"]
[Round "7.27"]
[White "Nguyen, Ngo Lien Huong"]
[Black "Nguyen, Thi Ngoc Han"]
[Result "1-0"]
[WhiteElo "1609"]
[BlackElo "1210"]
[PlyCount "131"]
[EventDate "2019.09.26"]
[EventType "swiss"]
[EventRounds "9"]
[EventCountry "VIE"]
[SourceTitle "EXT 2020"]
[Source "ChessBase"]
[SourceDate "2019.10.17"]
[SourceVersion "1"]
[SourceVersionDate "2019.10.17"]
[SourceQuality "1"]

1. d4 d5 2. c4 c6 3. Nc3 Nf6 4. cxd5 cxd5 5. Bf4 Nc6 6. e3 Qa5 7. Bd3 e6 8. Nge2 Be7 9. 0-0 a6 10. Qa4 Bd7 11. Qxa5 Nxa5 12. b3 0-0 13. Bc7 Bb4 14. Na4 Bxa4 15. bxa4 Rac8 16. Bxa5 Bxa5 17. Rab1 Rc7 18. Rfc1 Rfc8 19. Rxc7 Rxc7 20. Bxa6 b6 21. Bd3 g6 22. Rc1 Rxc1+ 23. Nxc1 Kf8 24. Kf1 Ke7 25. Ke2 Kd6 26. f3 Nd7 27. Bb5 Nf8 28. Kd3 e5 29. dxe5+ Kxe5 30. a3 Ne6 31. f4+ Kd6 32. g4 Nc5+ 33. Kc2 Ne4 34. Nb3 Be1 35. Nd4 Nf2 36. Be2 f6 37. Bf3 Ba5 38. Nb5+ Kc5 39. Nc7 h6 40. h4 Be1 41. g5 hxg5 42. hxg5 fxg5 43. Ne6+ Kd6 44. Nxg5 Ba5 45. Nf7+ Ke6 46. Nd8+ Kd6 47. Nb7+ Kc6 48. Nd8+ Kd6 49. Nf7+ Ke6 50. Nh8 Kf5 51. Bxd5 g5 52. fxg5 Kxg5 53. Nf7+ Kf5 54. Nd8 Ne4 55. Nb7 Be1 56. Kd3 Nc3 57. Bb3 Ke5 58. a5 bxa5 59. Nxa5 Nb5 60. Nc4+ Kf6 61. a4 Na7 62. a5 Bb4 63. a6 Bc5 64. Na5 Ke7 65. Ba4 Kd6 66. Nb7+ 1-0

[Event "VIE-chT (Women)"]
[Site "Ho Chi Minh City"]
[Date "2019.09.28"]
[Round "4.15"]
[White "Nguyen, Thi Thu Quyen"]
[Black "Nguyen, Ngo Lien Huong"]
[Result "1-0"]
[WhiteElo "2017"]
[BlackElo "1609"]
[PlyCount "103"]
[EventDate "2019.09.26"]
[EventType "swiss"]
[EventRounds "9"]
[EventCountry "VIE"]
[SourceTitle "EXT 2020"]
[Source "ChessBase"]
[SourceDate "2019.10.17"]
[SourceVersion "1"]
[SourceVersionDate "2019.10.17"]
[SourceQuality "1"]

1. e4 c5 2. Nf3 d6 3. d4 cxd4 4. Nxd4 Nf6 5. Nc3 a6 6. Be2 e5 7. Nf3 Be7 8. Bg5 Be6 9. Qd2 h6 10. Bxf6 Bxf6 11. Rd1 Be7 12. Nd5 Bxd5 13. Qxd5 Nc6 14. c3 0-0 15. Nd2 Qc7 16. Nc4 Rad8 17. Qd3 Rd7 18. Ne3 Bg5 19. Nd5 Qa5 20. h4 Be7 21. a3 b5 22. g3 Rfd8 23. 0-0 Rb8 24. Kg2 Bf8 25. Rd2 Ne7 26. Ne3 Qb6 27. Bg4 Rdd8 28. Bf3 Qc6 29. Rfd1 Rb7 30. Ng4 Rbd7 31. Ne3 g6 32. h5 Kg7 33. hxg6 fxg6 34. Bg4 Rc7 35. Be6 h5 36. Bd5 Qc5 37. Qe2 Kh8 38. Nc2 Bh6 39. Rd3 a5 40. Rh1 Nxd5 41. Rxd5 Qb6 42. Rxb5 Qa7 43. a4 Rf7 44. Rf1 Rdf8 45. Na3 g5 46. Nc4 Qd7 47. Ne3 Qc6 48. Qc4 Qa8 49. Qd5 Qa7 50. Qxd6 Kh7 51. Nf5 Rf6 52. Qd5 1-0

[Event "VIE-chT (Women)"]
[Site "Ho Chi Minh City"]
[Date "2019.09.26"]
[Round "1.4"]
[White "Nguyen, Ngo Lien Huong"]
[Black "Nguyen, Thi Mai Hung"]
[Result "0-1"]
[WhiteElo "1609"]
[BlackElo "2270"]
[PlyCount "66"]
[EventDate "2019.09.26"]
[EventType "swiss"]
[EventRounds "9"]
[EventCountry "VIE"]
[SourceTitle "EXT 2020"]
[Source "ChessBase"]
[SourceDate "2019.10.17"]
[SourceVersion "1"]
[SourceVersionDate "2019.10.17"]
[SourceQuality "1"]

1. d4 d5 2. c4 c6 3. Nc3 Nf6 4. cxd5 cxd5 5. Bf4 Nc6 6. e3 Bf5 7. Nf3 e6 8. Qb3 Bb4 9. a3 Bxc3+ 10. bxc3 Qa5 11. Bb5 Ne4 12. Rc1 0-0 13. Bxc6 bxc6 14. Qb4 Qb6 15. Ne5 Rac8 16. f3 Nf6 17. g4 Bg6 18. h4 Qa6 19. Nxg6 hxg6 20. Kf2 c5 21. dxc5 Nd7 22. Bd6 Nxc5 23. Bxc5 Rb8 24. h5 Rxb4 25. axb4 gxh5 26. gxh5 Qd3 27. h6 Qd2+ 28. Kg3 gxh6 29. Bd4 Kh7 30. Kf4 f6 31. Bc5 Rg8 32. Ra1 Qg2 33. Rxa7+ Kg6 0-1

[Event "VIE-chT (Women)"]
[Site "Ho Chi Minh City"]
[Date "2017.07.28"]
[Round "7.37"]
[White "Ho, Ngoc Vy"]
[Black "Nguyen, Ngo Lien Huong"]
[Result "0-1"]
[WhiteElo "1891"]
[BlackElo "1923"]
[PlyCount "65"]
[EventDate "2017.07.24"]
[EventType "team-swiss"]
[EventRounds "9"]
[EventCountry "VIE"]
[SourceTitle "EXT 2019"]
[Source "ChessBase"]
[SourceDate "2018.10.10"]
[SourceVersion "1"]
[SourceVersionDate "2018.10.10"]
[SourceQuality "1"]

1. d4 d5 2. c4 c6 3. Nc3 Nf6 4. Nf3 dxc4 5. a4 Nd5 6. e3 Bg4 7. Bxc4 e6 8. 0-0 Bb4 9. Nxd5 exd5 10. Be2 Nd7 11. h3 Bh5 12. Qb3 a5 13. Rd1 Rb8 14. Bd2 Bxd2 15. Rxd2 0-0 16. Ne1 Bxe2 17. Rxe2 Re8 18. Nd3 Nf6 19. Rae1 Ne4 20. Kh2 Qd6+ 21. Kg1 Re7 22. Qb6 Qd8 23. Qxd8+ Rxd8 24. Nf4 Rde8 25. Rc2 Ng5 26. Rc5 Ra8 27. Rec1 Ne6 28. Nxe6 Rxe6 29. Kh2 Kf8 30. Kg3 Ke7 31. Kf3 Kd7 32. g4 g5 33. Ke2 0-1

[Event "VIE-chT (Women)"]
[Site "Ho Chi Minh City"]
[Date "2017.07.24"]
[Round "2.43"]
[White "Nguyen, Ngo Lien Huong"]
[Black "Nguyen, Thi Nhac"]
[Result "1-0"]
[WhiteElo "1923"]
[BlackElo "1899"]
[PlyCount "57"]
[EventDate "2017.07.24"]
[EventType "team-swiss"]
[EventRounds "9"]
[EventCountry "VIE"]
[SourceTitle "EXT 2019"]
[Source "ChessBase"]
[SourceDate "2018.10.10"]
[SourceVersion "1"]
[SourceVersionDate "2018.10.10"]
[SourceQuality "1"]

1. d4 d5 2. c4 Nf6 3. Nc3 c6 4. Bg5 dxc4 5. a4 a6 6. e3 Be6 7. Nge2 Nd5 8. e4 Nxc3 9. Nxc3 Qa5 10. d5 cxd5 11. exd5 Bf5 12. Bxc4 g6 13. 0-0 Bg7 14. Re1 0-0 15. Bxe7 Re8 16. Qb3 Qc7 17. d6 Qc6 18. Bxf7+ Kh8 19. Bxe8 Qxe8 20. Nd5 Qg8 21. Qf3 Nc6 22. Bf6 Be6 23. Bxg7+ Kxg7 24. Qf6+ Kh6 25. Rxe6 Rf8 26. Qh4+ Kg7 27. Rae1 Rc8 28. Re7+ Kh8 29. Qf6+ 1-0

[Event "VIE-ch U09 Girls"]
[Site "Ho Chi Minh City"]
[Date "2014.07.17"]
[Round "8"]
[White "Nguyen, Ngo Lien Huong"]
[Black "Vuong, Quynh Anh"]
[Result "1/2-1/2"]
[WhiteElo "1585"]
[BlackElo "1601"]
[PlyCount "101"]
[EventDate "2014.07.13"]
[EventType "swiss"]
[EventRounds "9"]
[EventCountry "VIE"]
[SourceTitle "EXT 2016"]
[Source "ChessBase"]
[SourceDate "2015.10.08"]
[SourceVersion "1"]
[SourceVersionDate "2015.10.08"]
[SourceQuality "1"]

1. e4 c6 2. d4 d5 3. Nd2 dxe4 4. Nxe4 Bf5 5. Ng3 Bg6 6. Nf3 Nd7 7. Bd3 e6 8. 0-0 Bd6 9. Re1 Ngf6 10. Ne4 Nxe4 11. Bxe4 Bxe4 12. Rxe4 0-0 13. Bf4 Nf6 14. Bxd6 Qxd6 15. Re1 Rac8 16. c3 Rcd8 17. Qb3 Qc7 18. Rad1 Rd5 19. Re5 Rfd8 20. Rxd5 cxd5 21. Rc1 Rc8 22. h3 a6 23. a4 Ne4 24. Qc2 b5 25. Nd2 Nxd2 26. Qxd2 Qc4 27. Ra1 h6 28. Rc1 b4 29. f3 Qb3 30. cxb4 Rxc1+ 31. Qxc1 Qxb4 32. Qc3 Qxc3 33. bxc3 Kf8 34. Kf2 Ke7 35. Ke3 Kf6 36. Kf4 g5+ 37. Ke3 Kg6 38. f4 h5 39. g3 f5 40. h4 gxh4 41. gxh4 Kf6 42. Kd3 Ke7 43. c4 dxc4+ 44. Kxc4 Kd6 45. Kc3 Kc7 46. Kc4 Kc6 47. Kc3 Kb6 48. Kb3 Kc6 49. Kc4 Kd6 50. Kc3 Kd5 51. Kd3 1/2-1/2

[Event "VIE-ch U09 Girls"]
[Site "Ho Chi Minh City"]
[Date "2014.07.13"]
[Round "1"]
[White "Vo, Thai Anh Thu"]
[Black "Nguyen, Ngo Lien Huong"]
[Result "0-1"]
[WhiteElo "1553"]
[BlackElo "1585"]
[PlyCount "80"]
[EventDate "2014.07.13"]
[EventType "swiss"]
[EventRounds "9"]
[EventCountry "VIE"]
[SourceTitle "EXT 2016"]
[Source "ChessBase"]
[SourceDate "2015.10.08"]
[SourceVersion "1"]
[SourceVersionDate "2015.10.08"]
[SourceQuality "1"]

1. e4 e5 2. Nf3 Nc6 3. Bc4 Nf6 4. Nc3 Nxe4 5. Nxe4 d5 6. Qe2 Bg4 7. d3 dxc4 8. dxc4 Nd4 9. Qd3 Nxf3+ 10. gxf3 Qxd3 11. cxd3 Bxf3 12. Rg1 Bxe4 13. dxe4 0-0-0 14. Bd2 Bc5 15. Rg2 Rd7 16. 0-0-0 Rhd8 17. f3 Be3 18. Re2 Bxd2+ 19. Rexd2 Rxd2 20. Rxd2 Rxd2 21. Kxd2 Kd7 22. b3 Kc6 23. Ke3 Kc5 24. a3 a5 25. Kd3 g6 26. h3 f5 27. exf5 gxf5 28. h4 h5 29. Ke3 a4 30. bxa4 Kxc4 31. a5 Kb5 32. f4 e4 33. Kd4 Kxa5 34. Ke5 e3 35. Kxf5 e2 36. Kg5 e1Q 37. f5 Qe5 38. Kg6 Qe8+ 39. Kg5 Qf7 40. f6 c5 0-1